[Event "6. Open C.A. Ciudad los Angeles 2012"]
[Site "Madrid ESP"]
[Date "2012.05.13"]
[Round "5.1"]
[White "Garcia De Quesada, Ignacio"]
[Black "Marcos Herrero, Francisco"]
[Result "1-0"]
[WhiteElo "1910"]
[BlackElo "1874"]
[PlyCount "99"]
[EventDate "2012.04.15"]
[EventType "swiss"]
[EventRounds "9"]
[EventCountry "ESP"]
[Source "lmi"]
[SourceDate "2012.04.15"]

1. d4 Nf6 2. c4 c5 3. d5 b5 4. cxb5 a6 5. b6 Qxb6 6. Nc3 g6 7. e4 d6 8. Nf3 Bg7
9. Qc2 O-O 10. Be2 e6 11. dxe6 Bxe6 12. O-O Nc6 13. Bf4 Rfd8 14. a3 Rac8 15.
Na4 Qb7 16. Bxd6 Bb3 17. Nxc5 Bxc2 18. Nxb7 Rd7 19. Bxa6 Nxe4 20. Rac1 Ba4 21.
Rc4 Nxd6 22. Nxd6 Rxd6 23. Rxa4 Ra8 24. b4 Nxb4 25. axb4 Raxa6 26. Rxa6 Rxa6
27. b5 Ra5 28. Rb1 Bb2 29. Ne1 Be5 30. b6 Ra8 31. b7 Rb8 32. Nd3 Bd6 33. g3 Kf8
34. Kg2 Ke7 35. Kf3 Kd7 36. Ke4 Kc6 37. Ne5+ Kc7 38. Kd5 Bf8 39. Nxf7 Rxb7 40.
Rxb7+ Kxb7 41. Ng5 h5 42. Ne6 Bb4 43. Nf4 Be1 44. f3 h4 45. gxh4 Bxh4 46. Nxg6
Bg5 47. f4 Bh6 48. Ke6 Kc8 49. f5 Kd8 50. f6 1-0

[Event "6. Open C.A. Ciudad los Angeles 2012"]
[Site "Madrid ESP"]
[Date "2012.05.13"]
[Round "5.2"]
[White "Garrido Ariza, Javier"]
[Black "Largo Barbero, Benito"]
[Result "1-0"]
[WhiteElo "1807"]
[BlackElo "1845"]
[PlyCount "61"]
[EventDate "2012.04.15"]
[EventType "swiss"]
[EventRounds "9"]
[EventCountry "ESP"]
[Source "lmi"]
[SourceDate "2012.04.15"]

1. d4 Nf6 2. c4 d6 3. Nc3 c6 4. e4 g6 5. f4 Bg7 6. Nf3 Qb6 7. Bd3 Bg4 8. O-O
Nh5 9. e5 dxe5 10. c5 Qb4 11. fxe5 O-O 12. Be2 Rd8 13. a3 Qa5 14. Qb3 Bxf3 15.
Rxf3 Nd7 16. Qxf7+ Kh8 17. Qxe7 Nxe5 18. dxe5 Bf8 19. Rxf8+ Rxf8 20. Bxh5 Rae8
21. Qd6 Rd8 22. b4 Rxd6 23. bxa5 Rd3 24. Bh6 Re8 25. Bg4 Rxc3 26. Rf1 Rxc5 27.
Bd7 Rd8 28. e6 Re5 29. Bf4 Re4 30. Bg5 Rxe6 31. Bxe6 1-0

[Event "6. Open C.A. Ciudad los Angeles 2012"]
[Site "Madrid ESP"]
[Date "2012.05.13"]
[Round "5.3"]
[White "Garcia Prados, David"]
[Black "Rodriguez Vignote, Javier"]
[Result "1/2-1/2"]
[WhiteElo "2070"]
[BlackElo "1923"]
[PlyCount "46"]
[EventDate "2012.04.15"]
[EventType "swiss"]
[EventRounds "9"]
[EventCountry "ESP"]
[Source "lmi"]
[SourceDate "2012.04.15"]

1. e4 e6 2. d4 d5 3. e5 c5 4. c3 Nc6 5. Nf3 Qb6 6. Be2 Nh6 7. O-O cxd4 8. cxd4
Nf5 9. Nc3 Nfxd4 10. Nxd4 Qxd4 11. Bd2 Qxe5 12. Re1 Be7 13. g3 O-O 14. Bd3 Qf6
15. h4 g6 16. Nb5 a6 17. Nc7 Bc5 18. Nxa8 Qxf2+ 19. Kh1 Qxg3 20. Qe2 Bf2 21.
Qf1 Qxh4+ 22. Kg2 Qg3+ 23. Kh1 Qh4+ 1/2-1/2

[Event "6. Open C.A. Ciudad los Angeles 2012"]
[Site "Madrid ESP"]
[Date "2012.05.13"]
[Round "5.4"]
[White "Pindado Campos, Raul"]
[Black "Cano Cabanillas, Javier"]
[Result "1/2-1/2"]
[WhiteElo "1824"]
[BlackElo "2016"]
[PlyCount "44"]
[EventDate "2012.04.15"]
[EventType "swiss"]
[EventRounds "9"]
[EventCountry "ESP"]
[Source "lmi"]
[SourceDate "2012.04.15"]

1. d4 Nf6 2. c4 g6 3. Nc3 d5 4. cxd5 Nxd5 5. e4 Nxc3 6. bxc3 Bg7 7. Bc4 c5 8.
Ne2 O-O 9. O-O Nc6 10. Be3 cxd4 11. cxd4 Bg4 12. f3 Na5 13. Bxf7+ Rxf7 14. fxg4
Rxf1+ 15. Kxf1 e6 16. Qd3 Qh4 17. h3 Rf8+ 18. Kg1 Nc6 19. g5 e5 20. Kh2 Nxd4
21. Nxd4 exd4 22. Bxd4 Qxg5 1/2-1/2

[Event "6. Open C.A. Ciudad los Angeles 2012"]
[Site "Madrid ESP"]
[Date "2012.05.13"]
[Round "5.5"]
[White "Ruiz Sanchez, Roberto"]
[Black "Tirado Parra, Alberto"]
[Result "1/2-1/2"]
[WhiteElo "1997"]
[BlackElo "1880"]
[PlyCount "109"]
[EventDate "2012.04.15"]
[EventType "swiss"]
[EventRounds "9"]
[EventCountry "ESP"]
[Source "lmi"]
[SourceDate "2012.04.15"]

1. e4 d5 2. exd5 Qxd5 3. Nc3 Qa5 4. d4 c6 5. Nf3 Nf6 6. Bc4 Bf5 7. Bd2 e6 8.
Nd5 Qd8 9. Nxf6+ gxf6 10. Bb3 Qc7 11. Qe2 Nd7 12. O-O-O O-O-O 13. Nh4 Bg6 14.
Nxg6 hxg6 15. h4 Bh6 16. Bxh6 Rxh6 17. g3 f5 18. Kb1 Nf6 19. c3 Rdh8 20. Rhf1
f4 21. c4 Rh5 22. d5 Qe5 23. Qxe5 Rxe5 24. dxe6 Rxe6 25. c5 Re7 26. Rfe1 Rhe8
27. Rxe7 Rxe7 28. gxf4 Ne4 29. Rg1 Nxc5 30. f5 Nxb3 31. axb3 gxf5 32. Rg5 Re1+
33. Ka2 Kd7 34. Rxf5 Ke6 35. Rf4 f5 36. Ra4 a6 37. Ka3 b5 38. Rf4 c5 39. b4 c4
40. Ka2 Ke5 41. Rf3 Rh1 42. Ra3 Rxh4 43. Rxa6 Rh2 44. Rb6 Rxf2 45. Rxb5+ Kd4
46. Rc5 f4 47. Rc8 Re2 48. Rd8+ Ke3 49. Re8+ Kd2 50. Rxe2+ Kxe2 51. b5 f3 52.
b6 f2 53. b7 f1=Q 54. b8=Q Kd2 55. Qb4+ 1/2-1/2

[Event "6. Open C.A. Ciudad los Angeles 2012"]
[Site "Madrid ESP"]
[Date "2012.05.13"]
[Round "5.6"]
[White "Rodriguez Dorado, Victor"]
[Black "Soto Martin, Pablo"]
[Result "1-0"]
[WhiteElo "1940"]
[BlackElo "1619"]
[PlyCount "67"]
[EventDate "2012.04.15"]
[EventType "swiss"]
[EventRounds "9"]
[EventCountry "ESP"]
[Source "lmi"]
[SourceDate "2012.04.15"]

1. c4 Nf6 2. Nf3 g6 3. g3 Bg7 4. Bg2 O-O 5. O-O d6 6. Nc3 e5 7. d3 Nc6 8. Bg5
h6 9. Bd2 Be6 10. Qc1 Kh7 11. Rb1 a5 12. a3 a4 13. Qc2 e4 14. Nxe4 Nxe4 15.
dxe4 f5 16. Bc3 fxe4 17. Nh4 Bxc3 18. bxc3 Kg7 19. Bxe4 Bf7 20. Rxb7 Ne5 21.
Bd5 g5 22. Nf5+ Kf6 23. Ne3 Bg6 24. Be4 Qc8 25. Nd5+ Ke6 26. Rxc7 Bxe4 27. Qxe4
Qd8 28. f4 gxf4 29. Nxf4+ Rxf4 30. Qd5+ Kf6 31. Rxf4+ Kg6 32. Qe6+ Kh5 33. Qf5+
Qg5 34. Rh4# 1-0

[Event "6. Open C.A. Ciudad los Angeles 2012"]
[Site "Madrid ESP"]
[Date "2012.05.13"]
[Round "5.7"]
[White "Navas Hernando, Oscar"]
[Black "Sanchez Rodenas, Antonio"]
[Result "1/2-1/2"]
[WhiteElo "1855"]
[BlackElo "1750"]
[PlyCount "84"]
[EventDate "2012.04.15"]
[EventType "swiss"]
[EventRounds "9"]
[EventCountry "ESP"]
[Source "lmi"]
[SourceDate "2012.04.15"]

1. d4 Nf6 2. c4 g6 3. Nc3 d5 4. cxd5 Nxd5 5. e4 Nxc3 6. bxc3 Bg7 7. Nf3 O-O 8.
Be3 c5 9. e5 Nc6 10. Be2 cxd4 11. cxd4 Qa5+ 12. Qd2 Qxd2+ 13. Nxd2 Rd8 14. Nf3
b6 15. O-O Bb7 16. Rfd1 Nb4 17. Rd2 Rac8 18. Ne1 Nd5 19. Bf3 e6 20. Rc2 Ba6 21.
Bxd5 exd5 22. Rac1 Rxc2 23. Rxc2 Rc8 24. Bg5 Kf8 25. Bd2 Ke8 26. f4 Bf8 27. Kf2
Kd7 28. g4 Rxc2 29. Nxc2 Bc4 30. a3 a5 31. Bc1 b5 32. f5 b4 33. axb4 axb4 34.
Ne3 b3 35. Bb2 Bb4 36. Nd1 gxf5 37. gxf5 Bd3 38. Ne3 Bc4 39. Ng4 Be7 40. Nh6
Ke8 41. f6 Bf8 42. Nf5 Bb4 1/2-1/2

[Event "6. Open C.A. Ciudad los Angeles 2012"]
[Site "Madrid ESP"]
[Date "2012.05.13"]
[Round "5.8"]
[White "Lopez-Andujar Ocaña, Ramon"]
[Black "Rios Rebollo, Victor"]
[Result "0-1"]
[WhiteElo "1736"]
[BlackElo "1842"]
[PlyCount "98"]
[EventDate "2012.04.15"]
[EventType "swiss"]
[EventRounds "9"]
[EventCountry "ESP"]
[Source "lmi"]
[SourceDate "2012.04.15"]

1. e4 e6 2. d4 d5 3. Nd2 Nf6 4. e5 Nfd7 5. f4 c5 6. c3 Nc6 7. Ndf3 Qb6 8. g3
cxd4 9. cxd4 Bb4+ 10. Kf2 O-O 11. Bh3 Na5 12. Ne2 f6 13. Kg2 Nc4 14. Qb3 Be7
15. Qd3 fxe5 16. fxe5 Ndxe5 17. Nxe5 Nxe5 18. Qb3 Qxb3 19. axb3 Nc6 20. Bf4 g5
21. Be5 Nxe5 22. dxe5 h5 23. g4 h4 24. Rhc1 Bd8 25. Rf1 Bd7 26. Rxf8+ Kxf8 27.
Nc3 Bc7 28. Re1 Ke7 29. Na4 Rf8 30. Re2 Bc6 31. Kg1 Rf4 32. Bg2 Rxg4 33. Kh1
Bxa4 34. bxa4 Rxa4 35. Kg1 Rf4 36. h3 Rf5 37. b3 Bxe5 38. Kh1 Kd6 39. Re1 Bg3
40. Rf1 Re5 41. Rf7 Kc6 42. Bf1 Re3 43. Rf6 Kd6 44. b4 a6 45. b5 axb5 46. Bxb5
Be5 47. Rf7 Rxh3+ 48. Kg2 Rg3+ 49. Kh1 b6 0-1

[Event "6. Open C.A. Ciudad los Angeles 2012"]
[Site "Madrid ESP"]
[Date "2012.05.13"]
[Round "5.9"]
[White "Ortiz Berruguete, Adrian"]
[Black "Maseda Iglesias, Luis"]
[Result "1-0"]
[WhiteElo "1734"]
[BlackElo "1781"]
[PlyCount "67"]
[EventDate "2012.04.15"]
[EventType "swiss"]
[EventRounds "9"]
[EventCountry "ESP"]
[Source "lmi"]
[SourceDate "2012.04.15"]

1. e4 e6 2. d4 d5 3. exd5 exd5 4. c4 Nf6 5. Nc3 Be7 6. Nf3 O-O 7. Bd3 dxc4 8.
Bxc4 Bg4 9. Be3 Nc6 10. Be2 Nd5 11. Nxd5 Qxd5 12. O-O Rad8 13. b3 Bf6 14. h3
Bh5 15. Rc1 Qa5 16. Rc5 Bxf3 17. Rxa5 Bxe2 18. Qxe2 Nxa5 19. Qb5 b6 20. b4 Nb7
21. Qc6 Nd6 22. Rd1 Rfe8 23. Qxc7 Nb5 24. Qc6 Nd6 25. a4 Nf5 26. d5 Rc8 27. Qd7
Nxe3 28. fxe3 Rcd8 29. Qxa7 Rxe3 30. Qxb6 Re4 31. a5 Rde8 32. a6 Bg5 33. Qc6
Bh4 34. a7 1-0

[Event "6. Open C.A. Ciudad los Angeles 2012"]
[Site "Madrid ESP"]
[Date "2012.05.13"]
[Round "5.10"]
[White "Murciano Cespedosa, Antonio"]
[Black "Juarez De Vena, Antonio"]
[Result "0-1"]
[WhiteElo "1771"]
[BlackElo "1618"]
[PlyCount "36"]
[EventDate "2012.04.15"]
[EventType "swiss"]
[EventRounds "9"]
[EventCountry "ESP"]
[Source "lmi"]
[SourceDate "2012.04.15"]

1. d4 Nf6 2. Nf3 g6 3. c4 Bg7 4. Nc3 d5 5. Bf4 O-O 6. cxd5 Nxd5 7. Nxd5 Qxd5 8.
Bxc7 Nc6 9. e3 Bf5 10. a3 Rac8 11. Bf4 Na5 12. Bd3 Bxd3 13. Qxd3 Nb3 14. Rd1
Nc1 15. Qb1 Qc4 16. Ng1 Rfd8 17. Kd2 Bxd4 18. Ke1 Bc3+ 0-1

[Event "6. Open C.A. Ciudad los Angeles 2012"]
[Site "Madrid ESP"]
[Date "2012.05.13"]
[Round "5.11"]
[White "Sorribes Calle, Pablo"]
[Black "Tobar Quinones, Jose Pablo"]
[Result "1/2-1/2"]
[WhiteElo "1660"]
[BlackElo "1760"]
[PlyCount "140"]
[EventDate "2012.04.15"]
[EventType "swiss"]
[EventRounds "9"]
[EventCountry "ESP"]
[Source "lmi"]
[SourceDate "2012.04.15"]

1. d4 d6 2. c4 e5 3. Nc3 exd4 4. Qxd4 Nf6 5. e4 Nc6 6. Qd1 Qe7 7. Bd3 Ne5 8.
Bb1 Nxc4 9. Qa4+ c6 10. Qxc4 d5 11. Qe2 d4 12. Nd1 Qb4+ 13. Bd2 Qb6 14. Nf3 g6
15. O-O Bg7 16. b4 O-O 17. Bd3 Re8 18. Nb2 Qd8 19. Bg5 h6 20. Bh4 g5 21. Bg3
Nxe4 22. Qc2 Nxg3 23. fxg3 Be6 24. Nc4 Qe7 25. a3 Qc7 26. Ncd2 Rad8 27. Rac1 a6
28. Kh1 Qe7 29. Rfe1 Qd7 30. Nb3 b6 31. Qxc6 Qxc6 32. Rxc6 Bxb3 33. Rxe8+ Rxe8
34. Bxa6 Re6 35. Rc8+ Bf8 36. Rd8 g4 37. Ng1 Rd6 38. Rxd6 Bxd6 39. Ne2 Be5 40.
Bd3 Kg7 41. Kg1 Kf6 42. Kf2 Ke6 43. Nc1 Bd5 44. Ne2 Bb3 45. Nf4+ Kd6 46. Bf5
Be6 47. Nxe6 fxe6 48. Bxg4 Bf6 49. Ke2 Kd5 50. Kd3 Bg5 51. Bf3+ Ke5 52. a4 Be7
53. Kc4 Bg5 54. a5 bxa5 55. bxa5 Bd8 56. a6 Bb6 57. Kb5 Ba7 58. Kc6 d3 59. h3
Kd4 60. Kd6 Kc3 61. Kxe6 d2 62. Kf5 Kd3 63. Kg6 Be3 64. h4 Kc4 65. g4 Kc5 66.
g5 hxg5 67. hxg5 Kb5 68. Be2+ Kb6 69. Kf7 Bxg5 70. Kg6 Be3 1/2-1/2

[Event "6. Open C.A. Ciudad los Angeles 2012"]
[Site "Madrid ESP"]
[Date "2012.05.13"]
[Round "5.12"]
[White "Al-zarif Zabala, Bassam"]
[Black "Benitez Robles, Antonio"]
[Result "0-1"]
[WhiteElo "1753"]
[BlackElo "1519"]
[PlyCount "67"]
[EventDate "2012.04.15"]
[EventType "swiss"]
[EventRounds "9"]
[EventCountry "ESP"]
[Source "lmi"]
[SourceDate "2012.04.15"]

1. e4 c5 2. Ne2 d6 3. Nbc3 a6 4. d4 cxd4 5. Nxd4 h6 6. Be3 g6 7. Qd2 Bg7 8. f3
e6 9. O-O-O Ne7 10. g4 Qc7 11. h4 Nd7 12. h5 b5 13. hxg6 Nxg6 14. Bxh6 Bxh6 15.
Rxh6 Bb7 16. Nxe6 Qc6 17. Rxh8+ Nxh8 18. Ng7+ Kd8 19. Qxd6 Ng6 20. Qxc6 Bxc6
21. Nd5 Kc8 22. Nf5 Bxd5 23. Rxd5 b4 24. Nd6+ Kc7 25. Nc4 Rh8 26. Rh5 Ra8 27.
Kd2 Rd8 28. Ke3 Re8 29. Bd3 Nf6 30. Rf5 Re6 31. g5 Nh5 32. Rxf7+ Kd8 33. f4 Ng3
34. f5 0-1

[Event "6. Open C.A. Ciudad los Angeles 2012"]
[Site "Madrid ESP"]
[Date "2012.05.13"]
[Round "5.14"]
[White "Soto Martin, Miguel"]
[Black "Sanchez Romero, Ruben"]
[Result "1/2-1/2"]
[WhiteElo "1464"]
[BlackElo "1755"]
[PlyCount "127"]
[EventDate "2012.04.15"]
[EventType "swiss"]
[EventRounds "9"]
[EventCountry "ESP"]
[Source "lmi"]
[SourceDate "2012.04.15"]

1. d4 Nf6 2. Nf3 d6 3. b3 g6 4. g3 Bg7 5. Bb2 Bg4 6. Bg2 Qd7 7. h3 Bxf3 8. Bxf3
d5 9. Bg2 c6 10. Nd2 Na6 11. Nf3 Qd6 12. O-O O-O 13. c4 e6 14. Qc1 Rac8 15. Ba3
c5 16. dxc5 Nxc5 17. Qe3 b6 18. Rfd1 Rfe8 19. Rac1 Qb8 20. cxd5 Nxd5 21. Qd2
Red8 22. Qe1 Qb7 23. e4 Nf6 24. Rxd8+ Rxd8 25. Bxc5 bxc5 26. Rxc5 Qxe4 27. Qxe4
Nxe4 28. Rc7 a6 29. Bf1 a5 30. Rc4 Nd2 31. Nxd2 Rxd2 32. Ra4 Bc3 33. a3 Rd4 34.
Rxd4 Bxd4 35. b4 Bb6 36. bxa5 Bxa5 37. a4 f5 38. Bc4 Kf7 39. g4 Kf6 40. f3 e5
41. Kf2 h6 42. Ke3 Kg5 43. Bf1 Bb6+ 44. Kd3 Kf4 45. Ke2 Kg3 46. gxf5 gxf5 47.
Ke1 Kxf3 48. Be2+ Kg3 49. Bf1 e4 50. Ke2 f4 51. Ke1 Ba5+ 52. Ke2 h5 53. h4 Kxh4
54. Bg2 Kg3 55. Bxe4 h4 56. Bd5 h3 57. Be4 Bb6 58. Bc6 Kh2 59. Kf3 Be3 60. a5
Kg1 61. Ke2 h2 62. a6 h1=Q 63. Bxh1 Kxh1 64. Kf3 1/2-1/2

[Event "6. Open C.A. Ciudad los Angeles 2012"]
[Site "Madrid ESP"]
[Date "2012.05.13"]
[Round "5.18"]
[White "Martin Vazquez, Jose Luis"]
[Black "Martin Garcia, Francisco Javier"]
[Result "0-1"]
[WhiteElo "1940"]
[BlackElo "1614"]
[PlyCount "88"]
[EventDate "2012.04.15"]
[EventType "swiss"]
[EventRounds "9"]
[EventCountry "ESP"]
[Source "lmi"]
[SourceDate "2012.04.15"]

1. e4 c5 2. Nf3 d6 3. d4 cxd4 4. Nxd4 Nf6 5. Nc3 a6 6. Be3 e5 7. Nb3 Be6 8. f3
h5 9. Qd2 Nbd7 10. O-O-O Rc8 11. h3 Be7 12. Kb1 b5 13. Bd3 Nb6 14. Qf2 Nfd7 15.
f4 exf4 16. Bxf4 Ne5 17. Bxb5+ axb5 18. Bxe5 b4 19. Nb5 Nc4 20. Nxd6+ Nxd6 21.
Bxd6 Bxd6 22. e5 Bxb3 23. cxb3 O-O 24. exd6 Qa5 25. Qd2 Qf5+ 26. Ka1 Rc2 27.
Qd5 Rc1+ 28. Rxc1 Qxd5 29. Rhd1 Qa5 30. d7 Rd8 31. Rc8 Kh7 32. Rxd8 Qxd8 33. a3
g5 34. axb4 f5 35. b5 f4 36. b6 g4 37. b7 Qa5+ 38. Kb1 Qf5+ 39. Kc1 Qc5+ 40.
Kb1 Qf5+ 41. Kc1 Qc5+ 42. Kd2 Qd4+ 43. Ke1 Qe3+ 44. Kf1 g3 0-1

[Event "6. Open C.A. Ciudad los Angeles 2012"]
[Site "Madrid ESP"]
[Date "2012.05.13"]
[Round "5.19"]
[White "Mataix Fernandez, Ricardo"]
[Black "Gines Sanchez, Javier"]
[Result "1-0"]
[WhiteElo "1730"]
[BlackElo "1575"]
[PlyCount "73"]
[EventDate "2012.04.15"]
[EventType "swiss"]
[EventRounds "9"]
[EventCountry "ESP"]
[Source "lmi"]
[SourceDate "2012.04.15"]

1. d4 d5 2. Bf4 Nf6 3. e3 Bf5 4. Nf3 a6 5. Nbd2 h6 6. h3 e6 7. Ne5 c5 8. c3
cxd4 9. exd4 Nc6 10. Bh2 Bd6 11. f4 Qc7 12. Be2 Ne4 13. Nxe4 Bxe4 14. O-O f6
15. Bh5+ Ke7 16. Qg4 Rhg8 17. Bf7 Nxe5 18. Qxe6+ Kf8 19. fxe5 Qxf7 20. Qxf7+
Kxf7 21. exd6 Ke6 22. Rae1 Kd7 23. Rf2 g5 24. Rxf6 g4 25. hxg4 Rxg4 26. Re2
Rag8 27. Rff2 h5 28. Be5 h4 29. Kh2 Ke6 30. b3 b5 31. a4 Rc8 32. axb5 axb5 33.
Rf6+ Kd7 34. Rf7+ Ke6 35. Re7+ Kf5 36. Rf2+ Kg6 37. d7 1-0

[Event "6. Open C.A. Ciudad los Angeles 2012"]
[Site "Madrid ESP"]
[Date "2012.05.13"]
[Round "5.20"]
[White "Salgado Duarte, Pablo"]
[Black "Yeves Miquel, Enrique"]
[Result "0-1"]
[WhiteElo "1534"]
[BlackElo "1716"]
[PlyCount "80"]
[EventDate "2012.04.15"]
[EventType "swiss"]
[EventRounds "9"]
[EventCountry "ESP"]
[Source "lmi"]
[SourceDate "2012.04.15"]

1. d4 d5 2. Nc3 c6 3. Nf3 Bf5 4. Bf4 h6 5. h3 Nf6 6. e3 Qb6 7. Rb1 e6 8. a3
Nbd7 9. Be2 c5 10. O-O Be7 11. Qd2 O-O 12. Ne5 cxd4 13. exd4 Nxe5 14. Bxe5 Ne4
15. Nxe4 Bxe4 16. Bd3 Bxd3 17. Qxd3 Bd6 18. Bxd6 Qxd6 19. Rfe1 Rac8 20. c3 Rb8
21. Re3 a5 22. Rg3 b5 23. b4 axb4 24. axb4 Rfc8 25. Ra1 Qb6 26. Qe3 Kh8 27. Re1
Rc4 28. Qe5 Rg8 29. Ra1 f6 30. Qe3 Re8 31. Qd3 f5 32. Qe3 Qc7 33. Ra6 f4 34.
Rxg7 fxe3 35. Rxc7 exf2+ 36. Kxf2 Rxc7 37. Ra3 Rec8 38. Ra6 Rc6 39. Ra5 Rb8 40.
Ra3 Kg7 0-1

[Event "6. Open C.A. Ciudad los Angeles 2012"]
[Site "Madrid ESP"]
[Date "2012.05.13"]
[Round "5.25"]
[White "Pablos Ceruelo, Oscar"]
[Black "De Pablo Pena, Miguel Angel"]
[Result "0-1"]
[WhiteElo "1367"]
[BlackElo "1608"]
[PlyCount "46"]
[EventDate "2012.04.15"]
[EventType "swiss"]
[EventRounds "9"]
[EventCountry "ESP"]
[Source "lmi"]
[SourceDate "2012.04.15"]

1. e4 c5 2. Nf3 Nc6 3. Bc4 d6 4. b3 Nf6 5. Nc3 g6 6. O-O Bg7 7. Bb2 O-O 8. d3
a6 9. Qd2 e6 10. d4 b5 11. Be2 b4 12. Nd1 Nxe4 13. Qe3 d5 14. Bd3 cxd4 15. Nxd4
Nxd4 16. Bxd4 e5 17. Bb6 Qh4 18. g3 Qg5 19. f4 exf4 20. Rxf4 Bxa1 21. Rxe4
Qxe3+ 22. Rxe3 Be6 23. Bc7 Bd4 0-1

[Event "6. Open C.A. Ciudad los Angeles 2012"]
[Site "Madrid ESP"]
[Date "2012.05.20"]
[Round "6.1"]
[White "Rodriguez Dorado, Victor"]
[Black "Garcia De Quesada, Ignacio"]
[Result "1-0"]
[WhiteElo "1940"]
[BlackElo "1910"]
[PlyCount "89"]
[EventDate "2012.04.15"]
[EventType "swiss"]
[EventRounds "9"]
[EventCountry "ESP"]
[Source "lmi"]
[SourceDate "2012.04.15"]

1. c4 e6 2. Nf3 f5 3. Nc3 Nf6 4. g3 b6 5. Bg2 Bb7 6. O-O Bb4 7. d4 Bxc3 8. bxc3
O-O 9. Ba3 d6 10. d5 Ne4 11. Nd4 Bc8 12. Bxe4 fxe4 13. Nxe6 Bxe6 14. dxe6 Rf5
15. c5 bxc5 16. Qb3 Qc8 17. e7+ Kh8 18. Qb7 Nd7 19. e8=Q+ Qxe8 20. Qxc7 Nb6 21.
Bc1 Qd7 22. Qxd7 Nxd7 23. Bf4 d5 24. Rfd1 Nb6 25. a4 Rd8 26. Be3 Rc8 27. g4 Rf7
28. a5 Nc4 29. Rxd5 Nxe3 30. fxe3 Rb7 31. Rad1 h6 32. Rd7 Rcc7 33. Rxc7 Rxc7
34. Rd5 Kg8 35. Kg2 Kf7 36. Kg3 Ke6 37. c4 g5 38. h4 gxh4+ 39. Kxh4 Rc6 40. Kg3
Kf7 41. Kf4 Rf6+ 42. Rf5 Ke6 43. Rxf6+ Kxf6 44. Kxe4 Ke6 45. a6 1-0

[Event "6. Open C.A. Ciudad los Angeles 2012"]
[Site "Madrid ESP"]
[Date "2012.05.20"]
[Round "6.2"]
[White "Marcos Herrero, Francisco"]
[Black "Garcia Prados, David"]
[Result "0-1"]
[WhiteElo "1874"]
[BlackElo "2070"]
[PlyCount "54"]
[EventDate "2012.04.15"]
[EventType "swiss"]
[EventRounds "9"]
[EventCountry "ESP"]
[Source "lmi"]
[SourceDate "2012.04.15"]

1. d4 Nf6 2. c4 g6 3. g3 Bg7 4. Bg2 d6 5. Nc3 O-O 6. Nf3 Nc6 7. O-O a6 8. Qd3
Rb8 9. d5 Nb4 10. Qd2 a5 11. e4 c5 12. h3 e5 13. Ne1 Nh5 14. a3 Na6 15. Nd3 b6
16. Kh2 f5 17. f3 f4 18. g4 Ng3 19. Re1 Nc7 20. a4 Qh4 21. Qf2 h5 22. gxh5 Qxh5
23. Ne2 Nxe2 24. Qxe2 Bf6 25. Rh1 Bh4 26. Bd2 Qg5 27. Rag1 Bg3# 0-1

[Event "6. Open C.A. Ciudad los Angeles 2012"]
[Site "Madrid ESP"]
[Date "2012.05.20"]
[Round "6.3"]
[White "Cano Cabanillas, Javier"]
[Black "Rios Rebollo, Victor"]
[Result "0-1"]
[WhiteElo "2016"]
[BlackElo "1842"]
[PlyCount "114"]
[EventDate "2012.04.15"]
[EventType "swiss"]
[EventRounds "9"]
[EventCountry "ESP"]
[Source "lmi"]
[SourceDate "2012.04.15"]

1. e4 e6 2. d4 d5 3. Nd2 Nf6 4. e5 Nfd7 5. Bd3 c5 6. c3 Nc6 7. Ne2 cxd4 8. cxd4
f6 9. Nf4 Nxd4 10. Qh5+ Ke7 11. exf6+ Nxf6 12. Ng6+ hxg6 13. Qxh8 Kf7 14. Qh4
e5 15. Nf3 Nxf3+ 16. gxf3 Bf5 17. Bxf5 gxf5 18. Bg5 Bc5 19. Bxf6 Qxf6 20. Qa4
Rd8 21. Rc1 Bb6 22. Qb3 Kf8 23. O-O Qf7 24. Rfe1 Re8 25. Rcd1 d4 26. Qxf7+ Kxf7
27. Re2 Kf6 28. Kf1 Kg5 29. b4 Kf4 30. a4 Rc8 31. a5 Bd8 32. Rd3 Rc4 33. Rb3
Be7 34. Reb2 Bf6 35. a6 bxa6 36. Ra2 Rc6 37. Rba3 Rb6 38. Ke2 Rxb4 39. Rxa6 Rb8
40. Rxa7 Rh8 41. R2a3 Rxh2 42. Rd7 Bh4 43. Rxg7 Rxf2+ 44. Kd1 Rxf3 45. Ra5 Re3
46. Rh7 Bg3 47. Ra4 Ke4 48. Rh1 Rf3 49. Ra2 d3 50. Rg1 Ke3 51. Rag2 f4 52. Ra2
e4 53. Rb2 Rf2 54. Re1+ Kf3 55. Rb4 e3 56. Rg1 Ra2 57. Rb1 e2+ 0-1

[Event "6. Open C.A. Ciudad los Angeles 2012"]
[Site "Madrid ESP"]
[Date "2012.05.20"]
[Round "6.4"]
[White "Juarez De Vena, Antonio"]
[Black "Ruiz Sanchez, Roberto"]
[Result "1-0"]
[WhiteElo "1618"]
[BlackElo "1997"]
[PlyCount "85"]
[EventDate "2012.04.15"]
[EventType "swiss"]
[EventRounds "9"]
[EventCountry "ESP"]
[Source "lmi"]
[SourceDate "2012.04.15"]

1. e4 c6 2. d4 d5 3. e5 Bf5 4. c3 e6 5. Be3 Nd7 6. Bd3 Ne7 7. Nf3 c5 8. b3 Rc8
9. O-O Bxd3 10. Qxd3 Nc6 11. Nbd2 Be7 12. Rfc1 O-O 13. Nf1 a6 14. Ng3 cxd4 15.
Bxd4 Qc7 16. Qe3 Ba3 17. Re1 Nxd4 18. cxd4 Qc2 19. Nh5 Nb8 20. Qg5 Qg6 21. Qh4
Rc2 22. h3 Nc6 23. Rad1 Be7 24. Qg4 Qxg4 25. hxg4 Rxa2 26. g5 Rc8 27. Re3 Nb4
28. Nf6+ gxf6 29. gxf6 Bf8 30. Nh2 Rcc2 31. Rg3+ Kh8 32. Rf1 Nc6 33. Nf3 Rc3
34. Rg4 Rxb3 35. Kh2 Rxf3 36. gxf3 h6 37. Kg3 Rd2 38. Rg1 Rxd4 39. f4 Bc5 40.
Kh2 Bf8 41. Rg8+ Kh7 42. Rxf8 Rxf4 43. Rg7# 1-0

[Event "6. Open C.A. Ciudad los Angeles 2012"]
[Site "Madrid ESP"]
[Date "2012.05.20"]
[Round "6.5"]
[White "Rodriguez Vignote, Javier"]
[Black "Pindado Campos, Raul"]
[Result "1/2-1/2"]
[WhiteElo "1923"]
[BlackElo "1824"]
[PlyCount "59"]
[EventDate "2012.04.15"]
[EventType "swiss"]
[EventRounds "9"]
[EventCountry "ESP"]
[Source "lmi"]
[SourceDate "2012.04.15"]

1. Nf3 Nf6 2. c4 c5 3. Nc3 g6 4. g3 Bg7 5. Bg2 O-O 6. O-O Nc6 7. d4 cxd4 8.
Nxd4 Nh5 9. e3 Kh8 10. b3 Rb8 11. Bb2 a6 12. Rc1 Nxd4 13. exd4 d6 14. Re1 f5
15. f4 Nf6 16. Qe2 e6 17. Rcd1 Bd7 18. Kh1 Ng4 19. h3 Nf6 20. Bf3 Qc7 21. Rd3
b5 22. cxb5 axb5 23. Rc1 Qa5 24. Nd1 b4 25. Re3 Nd5 26. Bxd5 Qxd5+ 27. Qg2 Qb5
28. Qe2 Qb7+ 29. Qg2 Qb5 30. Qe2 1/2-1/2

[Event "6. Open C.A. Ciudad los Angeles 2012"]
[Site "Madrid ESP"]
[Date "2012.05.20"]
[Round "6.6"]
[White "Tirado Parra, Alberto"]
[Black "Al-zarif Zabala, Bassam"]
[Result "1-0"]
[WhiteElo "1880"]
[BlackElo "1753"]
[PlyCount "51"]
[EventDate "2012.04.15"]
[EventType "swiss"]
[EventRounds "9"]
[EventCountry "ESP"]
[Source "lmi"]
[SourceDate "2012.04.15"]

1. d4 d5 2. Bf4 c5 3. e3 Nf6 4. c3 e6 5. Nf3 Nc6 6. Bd3 Be7 7. Nbd2 Nh5 8. Bg3
Nxg3 9. hxg3 h6 10. Qc2 a6 11. O-O-O c4 12. Be2 b5 13. Ne5 Nxe5 14. dxe5 a5 15.
e4 Qb6 16. exd5 exd5 17. f4 Qe3 18. Bf3 Bb7 19. Rhe1 Qb6 20. e6 O-O 21. exf7+
Kxf7 22. Bh5+ g6 23. Nf3 Ke8 24. Bxg6+ Kd8 25. Nd4 Bc8 26. Re5 1-0